000 00456cam a22001097a 4500
008 180718b1948 xxu||||| |||| 00| 0 eng d
082 _aR23x5422 M264S
100 _aMadhya Pradesh. Advisory Committee Appointed Under Minimum Wages Act, 1948 for Stone Breaking and Stone Crushing
245 _aReport of the Advisory Committee Appointed Under Minimum Wages Act, 1948 for Stone Breaking and Stone Crushing
260 _aIndore
_bThe author
_c1948
300 _a9p
999 _c489610
_d489610